Influence of impurities in module packaging on potential-induced degradation /

Bibliographic Details
Corporate Author: National Renewable Energy Laboratory (U.S.)
Other Authors: Hacke, Peter
Format: Government Document eBook
Language:English
Published: Golden, Colo. : National Renewable Energy Laboratory, [2012]
Series:NREL/TP ; 5200-56301.
Subjects:
Online Access:https://purl.fdlp.gov/GPO/gpo30799

MARC

Tag First Indicator Second Indicator Subfields
LEADER 00000cam a2200000Ia 4500
001 in00002786614
005 20211120170329.0
006 m d f
007 cr cn|||||||||
008 121101s2012 coua ob f100 0 eng d
035 |a (OCoLC)ocn815667727 
040 |a GPO  |c GPO  |d GPO  |d MvI  |d UtOrBLW 
049 |a WWW 
074 |a 0430-P-03 (online) 
086 0 |a E 9.16:NREL/TP-5200-56301 
245 0 0 |a Influence of impurities in module packaging on potential-induced degradation /  |c Peter Hacke [and others]. 
264 1 |a Golden, Colo. :  |b National Renewable Energy Laboratory,  |c [2012] 
300 |a 1 online resource (7 pages) :  |b color illustrations 
336 |a text  |b txt  |2 rdacontent 
337 |a computer  |b c  |2 rdamedia 
338 |a online resource  |b cr  |2 rdacarrier 
490 1 |a NREL/TP ;  |v 5200-56301 
500 |a Title from title screen (viewed on November 1, 2012). 
500 |a "Presented at the 22nd Workshop on Crystalline Silicon Solar Cells & Modules: materials and processes Vail, Colorado July 22-25, 2012." 
500 |a "September 2012." 
500 |a "Technical report." 
536 |b DE-AC36-08GO28308  |g SS12.2520 
504 |a Includes bibliographical references (pages 6-7). 
500 |a Electronic resource. 
650 0 |a Photovoltaic cells  |x Packaging  |x Testing. 
650 0 |a Silicon solar cells  |x Packaging. 
700 1 |a Hacke, Peter. 
710 2 |a National Renewable Energy Laboratory (U.S.) 
830 0 |a NREL/TP ;  |v 5200-56301. 
856 4 0 |u https://purl.fdlp.gov/GPO/gpo30799  |t 0 
999 |a MARS 
999 f f |s 6e2faa03-990a-34a6-b993-d70398b1ee4c  |i 79fd681a-0ac5-3885-8466-cd0af45e11ab  |t 0 
952 f f |a Texas A&M University  |b College Station  |c Electronic Resources  |d Available Online  |t 0  |e E 9.16:NREL/TP-5200-56301  |h Superintendent of Documents classification 
998 f f |a E 9.16:NREL/TP-5200-56301  |t 0  |l Available Online